000 00348nam a2200145Ia 4500
008 191201s2005 xx 000 0 und d
082 _a510
_bDAA
100 _aDASS, H K
245 0 _aAdvanced Engineering Mathematics
250 _a14th
260 _aN.Delhi
_bS Chand and Co. Ltd.
_c2005
300 _a1152
650 _aApplied
942 _2ddc
_cBK
999 _c2013
_d2013